000 00455cam a22001337a 4500
008 180718b1987 xxu||||| |||| 00| 0 eng d
082 _aK23x5442 M278eq
100 _aMaharashtra. Equivalence Committee for Revision of Pay Scales
245 _aReport of the Equivalence Committee for Revision of Pay Scales, Maharashtra state
260 _aBombay
_bThe author
_c1987
300 _a309+p.
500 _aChairman: J.B. Naik
700 _aNaik, J.B. (Chairman)
999 _c489316
_d489316